Studies on Changing Rural Social Structure in Hungary in the Second Half of the 20th Century

Titel: Studies on Changing Rural Social Structure in Hungary in the Second Half of the 20th Century
Verfasser:
In: Ethnology in Slovakia at the beginning of the 21st century, (2005), Seite 148-157
alle Artikel anzeigen
Veröffentlicht: 2005
Format: Aufsatz
Sprache: Englisch
Kein Bild verfügbar
X
alg: 39171187
001A    $01999:11-11-16 
001B    $01999:25-04-21 $t10:54:09.000 
001D    $01999:11-11-16 
001U    $0utf8 
001X    $00 
002@    $0Aox 
003@    $0391711873 
007A    $0391711873 $aHEB 
007T    $0Herdc0023719m 
010@    $aeng 
011@    $a2005 
021A    $aStudies on Changing Rural Social Structure in Hungary in the Second Half of the 20th Century 
028A    $aSárkány $dMihály 
031A    $h148-157 $j2005 
039B    $aIn $8--Aaxaf--. Ethnology in Slovakia at the beginning of the 21st century. - Wien : Inst. für Europ. Ethnologie der Univ., 2005. - 229 S.. - graph. Darst.. - ISBN 3-902029-10-2 $x200500000000000852 $9180852833 
045F    $a306.09439 $eDDC23BSB 
045F/01 $a306.09 
045F/03 $g439 

lok: 39171187 78

exp: 39171187 78 1 #EPN
201B/01 $019-04-17 $t10:21:04.000 
201U/01 $0utf8 
203@/01 $0787806587 
208@/01 $a11-11-16 $be 
209A/01 $a/ $f000 $x00 
220C/01 $aTitelaufnehmer: gk;sk 
244Z/01 $2Trx $#Ungari $#Vengrija $#Ungārija $#Ungarn $#Hungary $#Węgry $#Maďarsko $#Maďarsko $#Uhorsko $#Uhersko;Uhry $8--Trx--Magyarország $x01 $9391197150 
244Z/01 $2Trx $#sotsiaalajalugu juhtumipõhine $#socialinė istorija case studies $#social history case studies $#szociáltörténelem esettanulmány $#historia społeczna studia przypadków $#dejiny sociálne štúdia $#dějiny sociální studie $#Gesellschaftsgeschichte $#dejiny spoločnosti prípady $8--Trx--Sozialgeschichte$gFallstudien $x02 $9391377833 
244Z/01 $2Trx $#transformatsioon 1989- $#transformacijos 1989- $#transformation 1989- $#átalakítás 1989- $#transformacje ustrojowe 1989- $#transformácia 1989- $#transformace 1989- $8--Trx--Transformation$g1989- $x03 $9391366122 
244Z/01 $2Trx $#põllumajandus $#žemės ūkis $#agriculture $#mezögazdaság $#rolnictwo $#poľnohospodárstvo $#zemědělství $8--Trx--Landwirtschaft $x04 $9391356275 
244Z/01 $2Trx $8--Trx--Einzelbeiträge $x05 $9391384570 
245Z/01 $a09.08 $x01 
247C/01 $82080>Marburg/Lahn, Herder-Institut, Forschungsbibliothek, Bibliographieportal $9336309341
LEADER 00000caa a22000002c 4500
001 391711873
003 DE-603
005 20210425105409.0
007 tu
008 161111s2005 xx |||| | u00||u|eng c
035 |a (DE-599)HEB391711873 
040 |a DE-603  |b ger  |c DE-603  |d DE-603 
041 |a eng 
082 0 4 |8 1\u  |a 306.09439  |q DE-101  |2 23/BSB 
085 |8 1\u  |b 306.09 
085 |8 1\u  |z 2  |s 439 
100 1 |a Sárkány, Mihály 
245 0 0 |a Studies on Changing Rural Social Structure in Hungary in the Second Half of the 20th Century 
264 0 |c 2005 
773 0 8 |i In  |t Ethnology in Slovakia at the beginning of the 21st century  |d Wien : Inst. für Europ. Ethnologie der Univ., 2005  |h 229 S., graph. Darst.  |z 3902029102  |g (2005), Seite 148-157  |w (DE-603)180852833 
924 0 |9 2080  |a (DE-603)787806587  |b DE-2080  |c HES  |d d  |g /